Introducción a la Filosofía
Αποθηκεύτηκε σε:
| Κύριος συγγραφέας: | |
|---|---|
| Μορφή: | Βιβλίο |
| Γλώσσα: | Ισπανικά |
| Έκδοση: |
Córdoba
EDUCC
2007
|
| Έκδοση: | 2a. ed |
| Θέματα: | |
| Ετικέτες: |
Προσθήκη ετικέτας
Δεν υπάρχουν, Καταχωρήστε ετικέτα πρώτοι!
|
MARC
| LEADER | 00000cam a2200000 a 4500 | ||
|---|---|---|---|
| 001 | UCB0067 | ||
| 003 | CL-VaPUC | ||
| 005 | 20210528001950.0 | ||
| 008 | 191206e20070000ag spa d | ||
| 020 | |a 9789871203833 | ||
| 082 | 0 | 4 | |a 100 |b CAS |2 21 |
| 100 | 1 | |a Casas, Gustavo |e author |9 605359 | |
| 245 | 1 | 0 | |a Introducción a la Filosofía |
| 250 | |a 2a. ed | ||
| 260 | |a Córdoba |b EDUCC |c 2007 | ||
| 300 | |a 500 p | ||
| 583 | |a last modification |c 20191206 10:52:00 |k Rodrigo Vera | ||
| 650 | 0 | 0 | |a Historia de la filosofía |9 256920 |
| 650 | 0 | 0 | |a Enseñanza de la filosofía |9 256848 |
| 942 | |c BK | ||
| 945 | |a dcastane |d 20191206 10:52:00 | ||
| 999 | |c 376293 |d 376291 | ||
| 952 | |0 0 |1 0 |3 erb |4 0 |6 100_000000000000000_CAS_2007 |7 0 |8 A |9 495664 |a BIBTEO |b BIBTEO |i 5607671 |l 2 |m 3 |o 100 CAS 2007 |p 5607671 |r 2025-01-17 |s 2023-04-28 |w 2020-01-06 |y BK |z Catalogado en:20191206 |k ICR | ||